[Event "Titled Tuesday intern op 14th July"]
[Site "Chess.com INT"]
[Date "2020.07.14"]
[Round "9"]
[White "Lammens, Tim"]
[Black "Mikhailovsky, Vladimir"]
[Result "1-0"]
[WhiteElo "2250"]
[BlackElo "2228"]
[PlyCount "37"]
[EventDate "2020.07.14"]
[EventType "swiss (blitz)"]
[EventRounds "10"]
[EventCountry "USA"]
[SourceTitle "CBM 197 Extra"]
[Source "ChessBase"]
[SourceDate "2020.09.30"]
[SourceVersion "1"]
[SourceVersionDate "2020.09.30"]
[SourceQuality "1"]

1. e4 d5 2. exd5 c6 3. dxc6 Nf6 4. cxb7 Bxb7 5. d4 Nbd7 6. Nf3 e6 7. Be2 Bd6 8. 0-0 0-0 9. c4 Qc7 10. h3 Rab8 11. Nc3 a6 12. c5 Bf4 13. Bxf4 Qxf4 14. Qd2 Qf5 15. Rab1 Rfd8 16. b4 e5 17. d5 e4 18. Nd4 Qe5 19. c6 1-0